000 00483nam a2200181Ia 4500
005 20250508153304.0
008 008 250505s9999 xx 000 0 eng d
037 _aTextual
040 _aFEDL
_beng
_cFEDL
041 _aeng
_2eng
084 _a372.21, PAD
_qFEDL
100 _aPadam Chand
245 0 _aHappiness in education
260 _aDelhi, India
_bThe Happy Schools' Society
300 _a114p
942 _cTEXL
_h372.21, PAD
999 _c1341762
_d1341762